Naruto Clans - Uzumaki - Statistics

General Stats
  • This quiz has been taken 239 times
  • The average score is 7 of 8
Answer Stats
Hint Answer % Correct
9 tails Jinchuriki Naruto
98%
Hinata's Son Boruto
95%
Red Hot Habanero Kushina
94%
Taka Member Karin
87%
Akatsuki Member Nagato
87%
Hinata's youngest child Himawari
84%
Hashirama's Wife Mito
78%
Leader of Uzumaki Clan Ashina
31%
No matching quizzes found
Score Distribution
Percent of People with Each Score
Percentile by Number Answered
Your Score History
You have not taken this quiz